000 00325nam a2200133Ia 4500
008 240624s9999 xx 000 0 und d
041 _aeng
082 _a658.45 KAU
100 _aKAUL ASHA
245 _aBUSINESS COMMUNICATION
250 _a(2nd ed.)
260 _c2009
_aNew Delhi
_bPrentice-Hall of India
365 _cRS
_b36
999 _c15340
_d15340